UNIX NETWORK PROGRAMMING V-I (Record no. 819027)

MARC details
000 -LEADER
fixed length control field 00430pam a2200181a 44500
008 - FIXED-LENGTH DATA ELEMENTS--GENERAL INFORMATION
fixed length control field 230405s2011 xxu||||| |||| 00| 0 eng d
041 ## - LANGUAGE CODE
Language code of text/sound track or separate title ENG
100 ## - MAIN ENTRY--PERSONAL NAME
Personal name STEVENS RICHARD.W
245 ## - TITLE STATEMENT
Title UNIX NETWORK PROGRAMMING V-I
250 ## - EDITION STATEMENT
Edition statement 3RD
260 ## - PUBLICATION, DISTRIBUTION, ETC.
Place of publication, distribution, etc. NEW DELHI
Name of publisher, distributor, etc. PHI LEARNING PUB
Date of publication, distribution, etc. 2011
300 ## - PHYSICAL DESCRIPTION
Extent P.B,XXIII,991
650 ## - SUBJECT ADDED ENTRY--TOPICAL TERM
Topical term or geographic name entry element ETC
690 ## - LOCAL SUBJECT ADDED ENTRY--TOPICAL TERM (OCLC, RLIN)
Topical term or geographic name as entry element ETC
700 ## - ADDED ENTRY--PERSONAL NAME
Personal name RUDOFF ANDREW.M
700 ## - ADDED ENTRY--PERSONAL NAME
Personal name FENNER BILL
906 ## - LOCAL DATA ELEMENT F, LDF (RLIN)
a 4832
Holdings
Withdrawn status Lost status Damaged status Not for loan Collection Home library Current library Date acquired Source of acquisition Cost, normal purchase price Total Checkouts Full call number Barcode Date last seen Price effective from Koha item type
          College of Engineering, Kolhapur College of Engineering, Kolhapur 16/08/2023 BHARATI MADHYAVARTI SAHAKARI GRAHAK BHANDAR.LTD PUNE 450.00   791.443/STE ECK-ETC-157 16/08/2023 16/08/2023 Book
          College of Engineering, Kolhapur College of Engineering, Kolhapur 16/08/2023 BHARATI MADHYAVARTI SAHAKARI GRAHAK BHANDAR.LTD PUNE 450.00   791.443/STE ECK-ETC-156 16/08/2023 16/08/2023 Book
          College of Engineering, Kolhapur College of Engineering, Kolhapur 16/08/2023 BHARATI MADHYAVARTI SAHAKARI GRAHAK BHANDAR.LTD PUNE 450.00   791.443/STE ECK-ETC-155 16/08/2023 16/08/2023 Book
          College of Engineering, Kolhapur College of Engineering, Kolhapur 16/08/2023 BHARATI MADHYAVARTI SAHAKARI GRAHAK BHANDAR.LTD PUNE 450.00   791.443/STE ECK-ETC-154 16/08/2023 16/08/2023 Book
          College of Engineering, Kolhapur College of Engineering, Kolhapur 25/03/2021 BHARATI MADHYAVARTI SAHAKARI GRAHAK BHANDAR.LTD PUNE 450.00   791.443/STE ECK-ETC-153 16/08/2023 16/08/2023 Book